LEADER 01033nam--2200361---450- 001 990003418280203316 005 20100625103946.0 010 $a978-0-19-923923-8 035 $a000341828 035 $aUSA01000341828 035 $a(ALEPH)000341828USA01 035 $a000341828 100 $a20100625d2008----km-y0itay50------ba 101 $aeng 102 $aGB 105 $a||||||||001yy 200 1 $aPhantasmagoria$espirit visions, methaphors, and media into the twenty-first century$fMarina Warner 210 $aOxford$cOxford University$d2008 215 $aXVIII, 469 p.$d24 cm 410 0$12001 454 0$12001 606 0 $aSpiritismo$2BNCF 676 $a133.93 700 1$aWARNER,$bMarina$0168636 801 0$aIT$bsalbc$gISBD 912 $a990003418280203316 951 $aIII.2. 1396$b2232 L.G.$cIII.2.$d00259737 959 $aBK 969 $aUMA 979 $aALESSANDRA$b90$c20100625$lUSA01$h1036 979 $aALESSANDRA$b90$c20100625$lUSA01$h1039 996 $aPhantasmagoria$9249612 997 $aUNISA LEADER 01243nam0-2200445---450 001 990007454030403321 005 20230112124217.0 010 $a88-15-09093-2 035 $a000745403 035 $aFED01000745403 035 $a(Aleph)000745403FED01 100 $a20030807d2003----km-y0itay50------ba 101 0 $aita 102 $aIT 105 $ay---n---001yy 200 1 $a<>autoritą indipendenti$fFabio Merusi, Michele Passaro 210 $aBologna$cil Mulino$dc2003 215 $a123 p.$d18 cm 225 1 $aFarsi un'idea$v82 300 $aIn cop.: Un potere senza partito 610 0 $aAutoritą amministrative indipendenti - Italia - Diritto 676 $a342.450 664$v20$zita 700 1$aMerusi,$bFabio$0109005 701 1$aPassaro,$bMichele$0262896 801 0$aIT$bUNINA$gRICA$2UNIMARC 901 $aBK 912 $a990007454030403321 952 $aDP XXIII/211$b132$fDEC 952 $aD-III-116$fDDRC 952 $aN 242 (b)$bs.i.$fDSS 952 $aN 193$bs.i.$fDSS 952 $aXI E 39$b7140$fDDCIC 952 $aFL AMM 2$bFL-223$fDECBC 959 $aDEC 959 $aDDRC 959 $aDSS 959 $aDDCIC 959 $aDECBC 996 $aAutoritą indipendenti$9679799 997 $aUNINA